01007nam a22002177a 450000500170000000800410001702000180005804000070007604100080008308200230009110000170011424500270013126000560015830000280021436500580024252003940030065000120069465000220070665000350072865000260076320250718093505.0220706b ||||| |||| 00| 0 eng d a9781954461734 cAL aeng 223a332.1068bLOBM aNorbert Lobo aModern bank management aChikkamagalurubSelfypage Developers Pvt. Ltdc2021 axii,268p.bPBc24x16cm. 2Economicsa2462b359.00c₹d399.00e10%f29-06-2022 aAnytime banking and anywhere banking" is the new truism in the banking sector. Rapid advancements in fields of information technology have resulted in the emergence of new business models, diversified financial products and services and new service delivery channels. Many of these new developments have been duly incorporated in the "Modern Bank Management" course of the B.Com programme. aBanking aInvestment Policy aInnovative and Digital Banking aReserve Bank of India